Il fiore pungente : conversazione con Don Andrea Gallo /

Saved in:
Bibliografiske detaljer
Main Authors: Binci, Fabia (Author), Masi, Paolo (omonimi non identificati) (Author)
Andre forfattere: Gallo, Andrea, (1928-2013)
Format: Bog
Sprog:italiensk
Udgivet: Arenzano : O Caroggio, stampa 2000
Serier:Saggistica
Tags: Tilføj Tag
Ingen Tags, Vær først til at tagge denne postø!

MARC

LEADER 00000nam a22000007i 4500
001 IT\ICCU\LIG\0003296
003 ItRI
005 20250722161313.0
008 030203s2000 it |||||| ||||| |||||c
040 |b ita  |c ct 
041 7 |a ita  |2 ISO-639-2 
100 1 |a Binci, Fabia  |0 IT\ICCU\RMLV\038513  |4 aut 
245 1 3 |a Il fiore pungente :  |b conversazione con Don Andrea Gallo /  |c Fabia Binci, Paolo Masi ; presentazione di Angelo Guarnieri. 
260 |a Arenzano :  |b O Caroggio,  |c stampa 2000 
300 |a 190 p. ;  |c 21 cm. 
700 1 |a Masi, Paolo  |c  (omonimi non identificati)  |0 IT\ICCU\CFIV\318771  |4 aut 
700 1 |a Gallo, Andrea,  |d  (1928-2013)  |0 IT\ICCU\CFIV\157003 
830 0 |a Saggistica  |0 IT\ICCU\LIG\0003295 
942 |2 ddc  |c BK  |n 0 
952 |0 0  |1 0  |2 ddc  |4 0  |6 253_000000000000000_BIN_FIO  |7 1  |9 9277  |a GE  |b GE  |d 2025-07-22  |l 0  |o 253 BIN FIO  |p 2113  |r 2025-07-22 16:28:43  |w 2025-07-22  |x presente testo scritto e sottolineature   |y BK  |z Fondo Giovanni Delfino 
981 1 |6 z01  |a i   |b xxxe  
982 1 |6 z01  |a n 
999 |c 7761  |d 7761